[Event "Madurai Athens of the East op-B 1st"]
[Site "Madurai"]
[Date "2019.08.10"]
[Round "1"]
[White "Karthikeyan, G."]
[Black "Sankaranarayanan, K."]
[Result "0-1"]
[WhiteElo "1357"]
[BlackElo "1695"]
[PlyCount "150"]
[EventDate "2019.08.10"]
[EventType "swiss"]
[EventRounds "10"]
[EventCountry "IND"]
[SourceTitle "EXT 2022"]
[Source "ChessBase"]
[SourceDate "2021.10.06"]
[SourceVersion "1"]
[SourceVersionDate "2021.10.06"]
[SourceQuality "1"]

1. e4 g5 2. d4 Bg7 3. Bxg5 c5 4. Nd2 Bxd4 5. c3 Bg7 6. Bc4 Qb6 7. Qc2 Qg6 8. Ngf3 Nc6 9. Be3 b6 10. 0-0 Nh6 11. Rfe1 Ng4 12. Bf4 Rg8 13. Bg3 h5 14. Nh4 Qh7 15. f4 Bf6 16. Ndf3 d6 17. Bb5 Bd7 18. Rad1 a6 19. Bd3 Qh6 20. Qd2 b5 21. e5 Bxh4 22. Nxh4 d5 23. Nf5 Bxf5 24. Bxf5 e6 25. Bxg4 Rxg4 26. f5 Qg7 27. fxe6 fxe6 28. Qf2 Rc8 29. Rf1 Ne7 30. Qf6 Kd7 31. Qxg7 Rxg7 32. Rf2 Nf5 33. Bf4 Rcg8 34. Rdd2 h4 35. h3 Kc6 36. Kh2 a5 37. Rd3 c4 38. Rdd2 b4 39. a4 Ng3 40. Rf3 Ne4 41. Re2 Ng3 42. Rd2 Nf5 43. Re2 Kc5 44. Be3+ Nxe3 45. Rfxe3 bxc3 46. bxc3 Rb8 47. Rf3 Rb3 48. Rf6 Re7 49. Rc2 Ra3 50. Rh6 Rxa4 51. Rxh4 Ra1 52. Rh8 Re1 53. Rb2 Rc7 54. Rhb8 Rxe5 55. R8b6 Rc6 56. R6b5+ Kd6 57. Rxa5 Re3 58. Rc2 Rb6 59. Ra8 Rb3 60. h4 Rbxc3 61. Rf2 Rg3 62. Ra6+ Ke5 63. Re2+ Rce3 64. Rxe3+ Rxe3 65. Ra8 c3 66. Rc8 d4 67. Kg1 Kf4 68. Kf2 Kg4 69. Rh8 Re5 70. h5 c2 71. Rc8 d3 72. h6 d2 73. Rg8+ Kf4 74. Rf8+ Ke4 75. h7 Rh5 0-1

[Event "Commonwealth-ch"]
[Site "New Delhi"]
[Date "2007.12.03"]
[Round "1"]
[White "Lodhi, Mahmood"]
[Black "Sankaranarayanan, K."]
[Result "1-0"]
[WhiteElo "2396"]
[BlackElo "1998"]
[PlyCount "101"]
[EventDate "2007.12.03"]
[EventType "swiss"]
[EventRounds "10"]
[EventCountry "IND"]
[SourceTitle "CBM 121 Extra"]
[Source "ChessBase"]
[SourceDate "2008.01.10"]
[SourceVersion "1"]
[SourceVersionDate "2008.01.10"]
[SourceQuality "1"]

1. d4 Nf6 2. Nf3 e6 3. g3 d5 4. Bg2 Be7 5. 0-0 0-0 6. c4 c5 7. cxd5 exd5 8. Nc3 h6 9. dxc5 Bxc5 10. Nd4 Nc6 11. Nb3 Qe7 12. Nxc5 Qxc5 13. Nxd5 Nxd5 14. Qxd5 Qe7 15. Be3 Be6 16. Qc5 Qf6 17. Qc3 Qg6 18. a3 Rac8 19. Rac1 a6 20. Bc5 Rfe8 21. e4 Qh5 22. f4 Bh3 23. Bf3 Bg4 24. Bh1 g5 25. Qe3 Qg6 26. Bg2 Qh5 27. b4 Be2 28. Rfe1 Bb5 29. Rcd1 Rcd8 30. Rd6 b6 31. Rxd8 Rxd8 32. Bxb6 Rd1 33. Bc5 gxf4 34. gxf4 Rd3 35. Qf2 Nd8 36. a4 Bxa4 37. Bf1 Rd1 38. Rxd1 Qxd1 39. Qe2 Qc1 40. Qxa6 Bd7 41. Qd3 Ne6 42. Qxd7 Qxf4 43. Qd3 Ng5 44. Bg2 Qc1+ 45. Qf1 Qc3 46. h4 Ne6 47. Qf2 Qe5 48. Be3 Kg7 49. Bf1 Kh7 50. Qf5+ Qxf5 51. exf5 1-0